[Event "45th Olympiad 2024"]
[Site "Budapest HUN"]
[Date "2024.09.16"]
[Round "6.1"]
[Board "1"]
[White "Ding, Liren"]
[Black "Le, Quang Liem"]
[Result "0-1"]
[WhiteElo "2736"]
[BlackElo "2741"]
[PlyCount "124"]
[EventDate "2024.09.11"]
[WhiteTeam "China"]
[BlackTeam "Vietnam"]
[WhiteTeamCountry "CHN"]
[BlackTeamCountry "VIE"]

1. c4 c5 2. Nf3 Nc6 3. Nc3 Nf6 4. g3 d5 5. cxd5 Nxd5 6. Bg2 g6 7. h4 Bg7 8. h5 Bf5 9. h6 Bf6 10. O-O O-O 11. Nh2 Nb6 12. a4 Na5 13. Ne4 Bxe4 14. Bxe4 c4 15. d3 Rc8 16. Rb1 $146 ({RR} 16. Ra3 e6 17. dxc4 Qxd1 18. Rxd1 Rxc4 19. Ng4 Bh8 20. Bf3 f5 21. Ne3 Rxc1 22. Rxc1 Bxb2 23. Rc5 Bxa3 24. Rxa5 Rb8 25. Rxa7 Bc5 26. Ra5 Bf8 27. Re5 Bxh6 28. a5 Bxe3 29. axb6 Bxb6 30. Rb5 Bd4 {½-½ Ding,L (2808)-So,W (2773) Chess.com Rapid Losers 2022 (4.2)}) 16... Qd7 17. dxc4 Rxc4 18. Qxd7 Nxd7 19. Bf3 Rxa4 20. Ng4 Nb3 21. Rd1 Ne5 22. Nxe5 Bxe5 23. Bg5 Nd4 24. Bxb7 Rb8 25. Bf3 f6 26. Be3 Nxf3+ 27. exf3 Bd6 28. Ra1 Rxa1 29. Rxa1 Rxb2 30. Rxa7 g5 31. Ra8+ Kf7 32. f4 gxf4 33. gxf4 Kg6 34. Rg8+ Kxh6 35. f5+ Kh5 36. Rg7 Rb5 37. Rxh7+ Kg4 38. Kg2 Rb2 39. Rh8 Kxf5 40. Bc5 Rb7 41. Bxd6 exd6 42. Rd8 Ke6 43. Re8+ Re7 44. Ra8 d5 45. Kf3 Ke5 46. Ra1 Re6 47. Ra4 Rb6 48. Ke2 d4 49. f3 f5 50. Ra5+ Kf4 51. Rd5 Rb2+ 52. Ke1 Rh2 53. Kf1 Kxf3 54. Rxf5+ Ke3 55. Re5+ Kd2 56. Ra5 Rh1+ 57. Kf2 d3 58. Ra8 Rh7 59. Ra2+ Kc3 60. Ra3+ Kc2 61. Ra2+ Kb3 62. Ra8 Re7 0-1

[Event "45th Olympiad 2024"]
[Site "Budapest HUN"]
[Date "2024.09.16"]
[Round "6.1"]
[Board "2"]
[White "Nguyen, Ngoc Truong Son"]
[Black "Wei, Yi"]
[Result "1/2-1/2"]
[WhiteElo "2633"]
[BlackElo "2762"]
[PlyCount "29"]
[EventDate "2024.09.11"]
[WhiteTeam "Vietnam"]
[BlackTeam "China"]
[WhiteTeamCountry "VIE"]
[BlackTeamCountry "CHN"]

1. d4 Nf6 2. c4 e6 3. Nf3 d5 4. Nc3 c6 5. cxd5 exd5 6. Qc2 g6 7. Bg5 Be7 8. e3 Bf5 9. Bd3 Bxd3 10. Qxd3 Nbd7 11. Bh6 Ng4 12. Bf4 Ngf6 ({RR} 12... Nf8 13. h4 h5 14. Ng5 Qd7 15. f3 Nh6 16. O-O-O f6 17. Nh3 Nf7 18. e4 dxe4 19. Qxe4 O-O-O 20. d5 c5 21. Qc4 Bd6 22. Ne4 Kb8 23. Rhe1 Bxf4+ 24. Nxf4 Ne5 25. Qc3 Qf5 26. g3 b6 27. Nxf6 {1-0 Carlsen,M (2864)-Firouzja,A (2778) Miami FTX Crypto Cup rapid 2022 (6.2)}) ({RR} 12... O-O 13. O-O Re8 14. Rab1 a5 15. Qc2 Nb6 16. h3 Nf6 17. Ne5 Nfd7 18. Nd3 Nc4 19. Rbc1 Bg5 20. b3 Ncb6 21. Bh2 Be7 22. Qb2 Ra7 23. Rb1 Nf8 24. Qc2 Nc8 25. Rfe1 Bd6 26. Ne5 f6 27. Nf3 {½-½ Nguyen,N (2629)-Adhiban,B (2677) FIDE World Cup 2017 (1.4)}) 13. Bh6 Ng4 14. Bf4 Ngf6 $146 ({RR} 14... O-O 15. O-O Ngf6 16. Rac1 Re8 17. h3 a5 18. Ne5 Nxe5 19. Bxe5 Nd7 20. Bg3 a4 21. Nxd5 cxd5 22. Bc7 Qc8 23. Bg3 Qd8 24. Bc7 {½-½ Maiwald,J (2459)-Baramidze,D (2591) Bundesliga 1112 2011 (9.3)}) ({RR} 14... O-O 15. O-O a5 16. h3 Ngf6 17. Qc2 Re8 18. Rfc1 Nb6 19. Rab1 Nc4 20. Nd2 Nxd2 21. Qxd2 a4 22. Qd3 Bb4 23. Bg5 Qd6 24. a3 Bxc3 25. Bxf6 Ba5 26. Be5 Qe6 27. b4 axb3 28. Rxb3 Re7 29. a4 {½-½ Zhao Jun (2542)-Adhiban,B (2520) Titled Tue 21st May Early 2024 (4)}) 15. Bh6 1/2-1/2

[Event "45th Olympiad 2024"]
[Site "Budapest HUN"]
[Date "2024.09.16"]
[Round "6.1"]
[Board "3"]
[White "Yu, Yangyi"]
[Black "Le, Tuan Minh"]
[Result "1/2-1/2"]
[WhiteElo "2703"]
[BlackElo "2564"]
[PlyCount "104"]
[EventDate "2024.09.11"]
[WhiteTeam "China"]
[BlackTeam "Vietnam"]
[WhiteTeamCountry "CHN"]
[BlackTeamCountry "VIE"]

1. c4 {ChessBase II} c6 2. Nf3 Nf6 3. d4 d5 4. Nc3 e6 5. e3 a6 6. b3 Bb4 7. Bd2 Nbd7 8. Bd3 O-O ({RR} 8... Qe7) 9. O-O Bd6 10. Rc1 ({RR} 10. Qc2 h6 11. Rad1 e5) ({RR} 10. e4) 10... Re8 11. h3 e5 12. dxe5 Nxe5 13. Nxe5 Bxe5 14. cxd5 Bb8 $146 ({RR} 14... cxd5 15. Ne2 Ne4 16. Bxe4 dxe4 17. Bc3 Bd6 18. Qd4 Bf8 19. Qxd8 Rxd8 20. Ba5 Rd5 21. Bb6 Bd7 22. Rfd1 Rxd1+ 23. Rxd1 Bc6 24. Rc1 Ba3 25. Rc2 Be7 26. Nd4 Rc8 27. Nf5 Re8 28. g4 f6 29. Kg2 {½-½ Sargissian,G (2677)-Rublevsky,S (2683) Olympiad-39 Khanty-Mansiysk 2010 (4.3)}) ({RR} 14... Nxd5 15. Nxd5 Qxd5 16. Bc4 Qe4 17. Bc3 ({RR} 17. Qh5) 17... Bf5 18. Qh5 g6 19. Qg5 Bxc3 20. Rxc3 Rad8 21. g4 Bc8 22. Qf6 Qe7 23. Qxe7 Rxe7 24. Rd3 Red7 25. Rfd1 b5 26. Rxd7 Rxd7 27. Rxd7 Bxd7 28. Bd3 c5 29. f4 {½-½ Ftacnik,L (2578)-Navara,D (2722) EU-ch 12th Aix les Bains 2011 (3)} ({RR} 29. Kg2 Be6 30. Kf3)) ({RR} 14... cxd5 15. Ne2 Be6 16. Bc3 Bxc3 17. Rxc3 Qa5 18. Qc2 Rac8 19. Rc1 Rxc3 20. Qxc3 Qxc3 21. Rxc3 Rc8 22. Rxc8+ Bxc8 23. Kf1 Kf8 24. Ke1 Ke7 25. Kd2 Kd6 26. Kc3 a5 27. a3 h6 28. b4 axb4+ 29. Kxb4) ({RR} 14... cxd5 15. Ne2 Be6 16. Bc3 Bxc3 17. Rxc3 Qa5 18. Qc2 Rac8 19. Rc1 Rxc3 20. Qxc3 Qxc3 21. Rxc3 Rc8 22. Rxc8+ Bxc8 23. Kf1 Kf8 24. Ke1 Ke7 25. Kd2 Kd6 26. Kc3 a5 27. a3 h6 28. b4 axb4+ 29. Kxb4 {0-1 Korotylev,A (2547)-Potkin,V (2533) RUS-chT rapid 2004 (9)}) 15. Qf3 cxd5 16. Rfd1 Qd6 17. Qf4 Qe7 18. Qh4 Qe5 19. f4 Qd6 20. Be1 h6 21. Bf2 Bd7 22. Bb1 Qe6 23. Re1 Bc6 24. Ne2 Ba7 25. Nd4 Bxd4 26. f5 Qd7 27. exd4 Rxe1+ 28. Rxe1 Re8 29. Re5 Ne4 30. Bxe4 dxe4 31. f6 Rxe5 32. dxe5 Qd2 33. Qg4 Qg5 34. Qxg5 hxg5 35. Be3 g4 36. h4 g6 37. Kf2 Kf8 38. Kg3 Bd7 39. Kf4 Ke8 40. g3 Be6 41. Kxe4 Kd7 42. Kd4 Kc6 43. Bh6 Kb5 44. Bf8 Kc6 45. Be7 Kb5 46. a4+ Kc6 47. b4 Bf5 48. a5 Be6 49. Bf8 Kb5 50. Be7 Kc6 51. Bf8 Kb5 52. Be7 Kc6 1/2-1/2

[Event "45th Olympiad 2024"]
[Site "Budapest HUN"]
[Date "2024.09.16"]
[Round "6.1"]
[Board "4"]
[White "Tran, Tuan Minh"]
[Black "Wang, Yue"]
[Result "0-1"]
[WhiteElo "2434"]
[BlackElo "2637"]
[PlyCount "70"]
[EventDate "2024.09.11"]
[WhiteTeam "Vietnam"]
[BlackTeam "China"]
[WhiteTeamCountry "VIE"]
[BlackTeamCountry "CHN"]

1. d4 Nf6 2. c4 e6 3. Nf3 d5 4. Nc3 Bb4 5. Bg5 h6 6. Bxf6 Qxf6 7. Qa4+ Nc6 8. e3 O-O 9. Bd3 dxc4 10. Bxc4 Rd8 11. O-O Bxc3 12. bxc3 Bd7 13. Qc2 Na5 14. Bd3 c5 15. Ne5 Be8 16. f4 Nc6 17. Qb2 Qe7 18. Rae1 $146 ({RR} 18. Rab1 b6 19. Be4 Rac8 20. Nf3 Na5 21. Ne5 cxd4 22. cxd4 f6 23. Nf3 Nc4 24. Qe2 Qa3 25. Rb3 Qa5 26. Bd3 Nd6 27. e4 Ba4 28. Rbb1 Nf7 29. Bc4 Re8 30. Rbc1 Rxc4 31. Qxc4 Bb5 32. Qb3 Bxf1 {0-1 Ganzhurov,R (2065)-Ponomarev,G (2318) Korchnoi Mem Open 2024 (4.17)}) 18... Rac8 19. Ng4 f5 20. Nf2 Qc7 21. Bb1 Na5 22. g4 Nc4 23. Qe2 Nd6 24. Bd3 Qa5 25. Rc1 cxd4 26. exd4 Bf7 27. c4 Ne8 28. gxf5 exf5 29. d5 Nd6 30. Qe5 Qc5 31. Qb2 Re8 32. Kh1 Bh5 33. Nd1 b5 34. Qg2 bxc4 35. Nb2 Qd4 0-1

[Event "45th Olympiad 2024"]
[Site "Budapest HUN"]
[Date "2024.09.16"]
[Round "6.2"]
[Board "1"]
[White "Rapport, Richard"]
[Black "Gukesh, D."]
[Result "1/2-1/2"]
[WhiteElo "2715"]
[BlackElo "2764"]
[PlyCount "87"]
[EventDate "2024.09.11"]
[WhiteTeam "Hungary"]
[BlackTeam "India"]
[WhiteTeamCountry "HUN"]
[BlackTeamCountry "IND"]

1. e4 e5 2. Nf3 Nc6 3. Bb5 Nf6 4. O-O Nxe4 5. Re1 Nd6 6. Nxe5 Be7 7. Bf1 Nxe5 8. Rxe5 O-O 9. Nc3 Bf6 10. Re1 Re8 11. Nd5 Rxe1 12. Nxf6+ Qxf6 13. Qxe1 b6 14. d3 Bb7 15. Qb4 c5 16. Qf4 Qxf4 17. Bxf4 Nf5 18. f3 ({RR} 18. c3 f6 19. Be2 Re8 20. Bg4 g6 21. Bxf5 gxf5 {½-½ Pranesh,M (2561)-Harikrishna,P (2699) TCh-FRA Top 16 Haute 2024 (3.4)}) 18... f6 19. Kf2 g5 $146 ({RR} 19... Kf7 20. c3 Bd5 21. a4 g5 22. Bd2 a5 23. g4 Ne7 24. f4 h6 25. h3 Ng6 26. f5 Ne5 27. c4 Bc6 28. Bc3 Nf3 29. Bg2 Nd4 30. Bxd4 cxd4 31. Re1 Re8 32. Bxc6 dxc6 33. Rxe8 Kxe8 34. Kf3 {½-½ Vokhidov,S (2536)-Niemann,H (2656) Sharjah Masters 5th 2022 (3)}) 20. Bd2 h5 21. c3 Kf7 22. Be2 Bd5 23. Bd1 Ng7 24. Ba4 Rd8 25. Bc2 h4 26. a4 Ne6 27. a5 b5 28. a6 Rb8 29. Ra5 d6 30. b4 f5 31. bxc5 dxc5 32. c4 Bc6 33. cxb5 Rxb5 34. Rxb5 Bxb5 35. Bb3 f4 36. g3 fxg3+ 37. hxg3 Bxd3 38. Be3 hxg3+ 39. Kxg3 Kf6 40. Bxe6 Kxe6 41. Bxc5 Bxa6 42. f4 gxf4+ 43. Kxf4 Kd5 44. Bxa7 1/2-1/2

[Event "45th Olympiad 2024"]
[Site "Budapest HUN"]
[Date "2024.09.16"]
[Round "6.2"]
[Board "2"]
[White "Praggnanandhaa, R."]
[Black "Leko, Peter"]
[Result "1/2-1/2"]
[WhiteElo "2750"]
[BlackElo "2666"]
[PlyCount "89"]
[EventDate "2024.09.11"]
[WhiteTeam "India"]
[BlackTeam "Hungary"]
[WhiteTeamCountry "IND"]
[BlackTeamCountry "HUN"]

1. e4 e5 2. Nf3 Nc6 3. Bc4 Bc5 4. d3 Nf6 5. Bg5 h6 6. Bh4 d6 7. c3 a5 8. O-O ({RR} 8. Nbd2 Ba7 9. O-O g5 10. Bg3 O-O 11. a3 Nh7 12. Kh1 h5 13. h4 Bg4 14. hxg5 Ne7 15. Qe1 Ng6 16. d4 Re8 17. Qe3 Kg7 18. Rae1 Qe7 19. Nh2 h4 20. Nxg4 hxg3 21. Nf3 Rh8 22. Kg1 exd4 {½-½ Praggnanandhaa,R (2749)-So,W (2751) 11th Sinquefield Cup 2024 (5.4)}) 8... g5 ({RR} 8... Bb6 9. Kh1 g5 10. Bg3 Nh5 11. Nbd2 Bg4 12. h3 Bd7 13. Bb5 Nf4 14. Nc4 h5 15. Nxb6 cxb6 16. Nd2 Kf8 17. d4 Ne7 18. Bxd7 Qxd7 19. dxe5 dxe5 20. Nf3 Qc7 21. Nxg5 Rd8 22. Qc2 Neg6 23. Rad1 {1-0 Firouzja,A (2777)-Carlsen,M (2835) SuperUnited Rapid 2023 (5.5)}) 9. Bg3 O-O ({RR} 9... Ba7 10. Nbd2 Qe7 11. Kh1 Be6 12. Bb5 Bd7 13. d4 exd4 14. Bxc6 Bxc6 15. Nxd4 Bxd4 16. cxd4 d5 17. exd5 Bxd5 18. Re1 Be6 19. Be5 O-O 20. Qf3 Nd5 21. Qh5 Kh7 22. Nf3 f6 23. Bg3 Qf7 24. Qxf7+ {½-½ Korchmar,V (2438)-Balint,P (2294) Titled Tue 6th Feb Early 2024 (6)}) 10. Na3 $146 ({RR} 10. Nbd2 Ba7 11. Kh1 Bg4 12. h3 Bh5 13. a3 Ne7 14. Bh2 g4 15. hxg4 Nxg4 16. Bg3 Kh8 17. d4 f5 18. dxe5 fxe4 19. Nxe4 d5 20. Nf6 Nxf6 21. exf6 Nf5 22. Qxd5 Qxd5 23. Bxd5 c6 24. Be4 Nxg3+ {½-½ Firouzja,A (2777)-So,W (2753) chess.com SpeedChess 2023 (2.31)}) 10... Bxa3 11. bxa3 Bg4 12. Re1 Kg7 13. Rb1 Rb8 14. d4 Nh5 15. Re3 Nf4 16. h3 Bh5 17. Qd2 Qf6 18. Kh2 b6 19. Bb5 Nd8 20. Ne1 Nde6 21. Nc2 Bg6 22. f3 h5 23. Rf1 h4 24. Bf2 Nh5 25. Kg1 Kh7 26. Rd1 Rbd8 27. Ree1 Nhf4 28. Ne3 Qg7 29. Qb2 f6 30. Rd2 Qe7 31. Red1 Kh8 32. Qb3 Qh7 33. Bc4 Rde8 34. Qb5 Re7 35. Bf1 Be8 36. Qb2 Bg6 37. Re1 Ree8 38. Qc1 Re7 39. Qd1 Ree8 40. Qa1 Re7 41. Qc1 Ree8 42. Qb2 Re7 43. Rdd1 Ree8 44. Rd2 Re7 45. Rdd1 1/2-1/2

[Event "45th Olympiad 2024"]
[Site "Budapest HUN"]
[Date "2024.09.16"]
[Round "6.2"]
[Board "3"]
[White "Sjugirov, Sanan"]
[Black "Erigaisi, Arjun"]
[Result "0-1"]
[WhiteElo "2644"]
[BlackElo "2778"]
[PlyCount "114"]
[EventDate "2024.09.11"]
[WhiteTeam "Hungary"]
[BlackTeam "India"]
[WhiteTeamCountry "HUN"]
[BlackTeamCountry "IND"]

1. e4 e5 2. Nf3 Nc6 3. Bb5 a6 4. Ba4 Nf6 5. O-O d6 6. Re1 Bd7 7. c3 g6 8. d4 Bg7 9. h3 O-O 10. Nbd2 exd4 11. cxd4 Nb4 12. Bxd7 Qxd7 13. Qb3 a5 14. a3 Nc6 15. d5 Nb8 16. Qxb7 Na6 17. Qb3 Nc5 18. Qc4 Qa4 19. e5 Qxc4 20. Nxc4 dxe5 21. Nfxe5 Nxd5 22. Rd1 Nb6 23. Be3 Nca4 $146 ({RR} 23... Nxc4 24. Nxc4 Ne6 25. a4 Rfb8 26. Rab1 Bf8 27. Rd5 Bb4 28. Ne5 Bc3 29. Nc6 Rb3 30. Rc1 Bxb2 31. Rb1 Rc3 32. Rxa5 Rxa5 33. Nxa5 Rc2 34. Nc6 Rxc6 35. Rxb2 Kf8 36. Rb8+ Ke7 37. Ra8 Rc2 38. a5 {½-½ Kushagra,M (2410)-Dragnev,V (2585) Tsaghkadzor Open 2023 (6.8)}) 24. Bd4 Rad8 25. Bxb6 cxb6 26. Nd7 Rfe8 27. Ndxb6 Nxb6 28. Nxb6 Bxb2 29. Rxd8 Rxd8 30. Ra2 Rd1+ 31. Kh2 Bd4 32. Nc4 a4 33. g3 Bc5 34. Rc2 Rd4 35. Kg2 Kf8 36. Rc3 Ke7 37. Ne5 Rd5 38. Nd3 Bb6 39. Kf3 Rb5 40. Ke2 Rb3 41. Nb4 Kd7 42. Rd3+ Rxd3 43. Nxd3 Kc6 44. Kd2 Bd4 45. f3 Kd5 46. Kc2 Bg7 47. h4 Bf6 48. Kd2 Kc4 49. Kc2 h5 50. g4 hxg4 51. fxg4 Bxh4 52. Ne5+ Kd5 53. Nxf7 Bf6 54. Kd3 Ke6 55. Nh6 Bg5 56. Nf5 gxf5 57. gxf5+ Kd5 0-1

[Event "45th Olympiad 2024"]
[Site "Budapest HUN"]
[Date "2024.09.16"]
[Round "6.2"]
[Board "4"]
[White "Vidit, Santosh Gujrathi"]
[Black "Gledura, Benjamin"]
[Result "1-0"]
[WhiteElo "2720"]
[BlackElo "2628"]
[PlyCount "103"]
[EventDate "2024.09.11"]
[WhiteTeam "India"]
[BlackTeam "Hungary"]
[WhiteTeamCountry "IND"]
[BlackTeamCountry "HUN"]

1. d4 d5 2. c4 c6 3. cxd5 cxd5 4. Nc3 Nf6 5. Nf3 Nc6 6. Bf4 a6 7. Qb3 e6 8. e3 Bd6 9. Bxd6 ({RR} 9. Bg3 O-O 10. Bd3 h6 11. Rc1 Bxg3 12. hxg3 Na5 13. Qc2 Nc4 14. Ne5 b5 15. Bxc4 dxc4 16. g4 Nh7 17. Qe4 Bd7 18. f4 f6 19. Nxd7 Qxd7 20. Kf2 Rae8 21. Rhd1 e5 22. Qd5+ Qf7 23. Qxf7+ Rxf7 {0-1 Lopusiewicz,P (2301)-Biriukov,I (2311) Titled Tue 2nd Jan Early 2024 (3)}) 9... Qxd6 10. Be2 O-O 11. O-O Rb8 $146 ({RR} 11... b5 12. Rfc1 Bb7 13. Ne1 e5 14. dxe5 Nxe5 15. Nf3 Rfe8 16. Rd1 Ng6 17. a3 Rad8 18. Rd2 Qb6 19. Rad1 Ne4 20. Rd4 Nxc3 21. Qxc3 Rc8 22. Qb3 Ne7 23. R4d2 Nf5 24. Nd4 Nd6 25. Nc2 Nc4 26. Rd4 {0-1 Lavanchy,M (1810)-Eggenberger,W (2014) Zuerich op-B 30th 2006 (5)}) ({RR} 11... Bd7 12. Na4 e5 13. dxe5 Nxe5 14. Nb6 Bb5 15. Bxb5 Nxf3+ 16. gxf3 Qxb6 17. Be2 Qxb3 18. axb3 Rac8 19. Rac1 d4 20. exd4 Nd5 21. f4 Nxf4 22. Bf3 Rxc1 23. Rxc1 Rd8 24. Kf1 b6 25. Rc6 g5 26. d5 {1-0 Girya,O (2395)-Gunina,V (2469) RUS-ch (Women) 72nd 2022 (7)}) 12. Rfc1 Re8 13. Na4 e5 14. dxe5 Nxe5 15. Qb6 Qxb6 16. Nxb6 Bg4 17. Rc7 Bxf3 18. gxf3 d4 19. Rd1 dxe3 20. fxe3 Nc6 21. e4 Re7 22. Rxe7 Nxe7 23. Kf2 Nc6 24. Rc1 Nd4 25. Bc4 Rd8 26. Ke3 Kf8 27. Bf1 Ne6 28. Bh3 Ne8 29. f4 g5 30. fxg5 Nxg5 31. Rc8 Rxc8 32. Bxc8 Nd6 33. Bf5 h6 34. h4 Ne6 35. Bg4 Ng7 36. Kf4 f6 37. b4 Kf7 38. e5 fxe5+ 39. Kxe5 Nge8 40. a4 Ke7 41. Nd5+ Kd8 42. Be2 Nc8 43. Bf3 b6 44. h5 Nc7 45. Ne3 Ne7 46. Ng4 Ng8 47. Be4 Ne8 48. Bg6 Ne7 49. Bxe8 Kxe8 50. Kd6 b5 51. axb5 axb5 52. Nxh6 1-0

[Event "45th Olympiad 2024"]
[Site "Budapest HUN"]
[Date "2024.09.16"]
[Round "6.3"]
[Board "1"]
[White "Carlsen, Magnus"]
[Black "Maghsoodloo, Parham"]
[Result "1/2-1/2"]
[WhiteElo "2832"]
[BlackElo "2723"]
[PlyCount "174"]
[EventDate "2024.09.11"]
[WhiteTeam "Norway"]
[BlackTeam "Iran"]
[WhiteTeamCountry "NOR"]
[BlackTeamCountry "IRI"]

1. e4 c6 2. d4 d5 3. e5 Bf5 4. Nd2 e6 5. Nb3 Nd7 6. Nf3 Ne7 7. Be2 h6 8. O-O Bh7 9. a4 a5 ({RR} 9... Nf5 10. a5 a6 11. c4 dxc4 12. Bxc4 Ne7 13. Qe2 Nd5 14. Nfd2 Nb4 15. Ne4 b5 16. axb6 Nxb6 17. f3 Nxc4 18. Qxc4 Qd5 19. Qc3 Qb5 20. Ra5 Qb6 21. Bd2 Be7 22. Rfa1 O-O 23. Qc4 Rab8 24. Nbc5 {0-1 Stukopin,A (2586)-Nyzhnyk,I (2610) Saint Louis Spring-C 2017 (4)}) 10. Bd2 Qb6 11. Rc1 $146 ({RR} 11. h3 Be4 12. Ne1 Bh7 13. Rc1 Nf5 14. Nf3 Bb4 15. c3 Be7 16. Re1 O-O 17. Bd3 Bg6 18. Bf1 Rfd8 19. g3 Bh7 20. Kg2 c5 21. Bb5 cxd4 22. cxd4 Bf8 23. g4 Ne7 24. g5 h5 25. Nh4 Be4+ {1-0 Corrales Jimenez,F (2564)-Yoo,C (2616) 1000GM Labor Super Swiss 2024 (5.7)}) 11... g5 12. Kh1 Ng6 13. Bd3 Bb4 14. Be3 Qc7 15. Nfd2 Nh4 16. Bxh7 Rxh7 17. c3 Be7 18. c4 Nf8 19. f4 Nf5 20. Bg1 gxf4 21. cxd5 exd5 22. Rxf4 Ng7 23. Qc2 h5 24. Rcf1 Nge6 25. Rf5 Qb6 26. Nb1 h4 27. h3 Rg7 28. Nc3 Bg5 29. Nd2 Qa6 30. R1f3 Rd8 31. Nf1 Rd7 32. Nh2 Qc4 33. b3 Qb4 34. Ne2 Ng6 35. Ng4 Ne7 36. Rf6 Qd2 37. Qxd2 Bxd2 38. Be3 Bxe3 39. Rxe3 c5 40. dxc5 d4 41. Rd3 Nc6 42. Rxe6+ fxe6 43. Nf6+ Kf8 44. Nxd7+ Rxd7 45. g3 Kg8 46. gxh4 Rd5 47. Kg2 Kh7 48. Rd2 Rxc5 49. Nxd4 Nxd4 50. Rxd4 b5 51. Kf3 Rxe5 52. Re4 Rf5+ 53. Ke3 bxa4 54. bxa4 Rh5 55. Rg4 Kh6 56. Kd4 Rd5+ 57. Kc4 Re5 58. Kd4 Rd5+ 59. Ke3 Rh5 60. Re4 Kg7 61. Kf3 Kf6 62. Kg4 Rh8 63. Rf4+ Kg6 64. Re4 Kf6 65. h5 Rg8+ 66. Kf3 Rg5 67. Rh4 Kg7 68. h6+ Kh7 69. Re4 Rh5 70. Kg4 Rxh6 71. Re5 Rg6+ 72. Kf4 Rf6+ 73. Kg3 Rg6+ 74. Kh2 Rf6 75. Rxa5 Rf3 76. Rg5 Ra3 77. a5 Kh6 78. h4 Ra4 79. Kg3 Ra3+ 80. Kf4 Ra4+ 81. Ke3 Rxh4 82. Re5 Kg7 83. a6 Ra4 84. Rxe6 Kf7 85. Rh6 Kg7 86. Rb6 Kf7 87. Kd3 Ke7 1/2-1/2

[Event "45th Olympiad 2024"]
[Site "Budapest HUN"]
[Date "2024.09.16"]
[Round "6.3"]
[Board "2"]
[White "Tabatabaei, M. Amin"]
[Black "Christiansen, Johan-Sebastian"]
[Result "1/2-1/2"]
[WhiteElo "2714"]
[BlackElo "2661"]
[PlyCount "97"]
[EventDate "2024.09.11"]
[WhiteTeam "Iran"]
[BlackTeam "Norway"]
[WhiteTeamCountry "IRI"]
[BlackTeamCountry "NOR"]

1. e4 e6 2. d4 d5 3. e5 c5 4. c3 Qa5 5. dxc5 ({RR} 5. a3 Nc6 6. Nf3 Bd7 7. Be2 cxd4 8. b4 Qb6 9. cxd4 Nge7 10. Nc3 Nf5 11. Na4 Qd8 12. Bg5 Be7 13. Bxe7 Ncxe7 14. Nc5 b6 15. Nd3 Ng6 16. g3 O-O 17. h4 f6 18. h5 Nh8 19. exf6 Qxf6 {½-½ Shirov,A (2662)-Bluebaum,M (2670) Titled Tuesday intern op 02nd Feb blitz 2021 (9)}) 5... Qc7 6. b4 $146 ({RR} 6. Nf3 Bxc5 7. Bd3 Nc6 8. Bf4 Nge7 9. O-O Ng6 10. Bg3 Bd7 11. Nbd2 O-O-O 12. a4 Kb8 13. Re1 Ka8 14. a5 Be7 15. b4 Qc8 16. b5 Nb8 17. Qb3 f6 18. exf6 gxf6 19. c4 e5 20. cxd5 Qc5 {1-0 Seul,G (2374)-Pesotskiy,M (2217) Titled Tuesday intern op 16th Nov blitz 2021 (3)}) ({RR} 6. Nf3 Nc6 7. Bb5 Bxc5 8. Bf4 Nge7 9. O-O Bd7 10. Qe2 a6 11. Bd3 h6 12. h4 O-O-O 13. b4 Ba7 14. a4 Ng6 15. Bg3 Nce7 16. h5 Nf8 17. Nbd2 Nf5 18. Bxf5 exf5 19. c4 f4 20. Bxf4 Ne6 {1-0 Nigalidze,G (2373)-Goltseva,E (2304) Titled Tue 9th Apr Early 2024 (11)}) ({RR} 6. Nf3 Bxc5 7. Bd3 Nc6 8. Qe2 Nge7 9. O-O Ng6 10. Re1 Bd7 11. h4 f6 12. exf6 gxf6 13. Bf5 Nge5 14. Nxe5 Nxe5 15. Qh5+ Ke7 16. Bc2 Rag8 17. Bf4 Bd6 18. Bxe5 Bxe5 19. Nd2 Rg7 20. Nf1 Rhg8 {0-1 Karklins,A-Smythe,B Chicago op 1972}) 6... Qxe5+ 7. Be2 b6 8. Nf3 Qc7 9. c4 dxc4 10. Na3 bxc5 11. Nxc4 Nd7 12. g3 Ngf6 13. Bf4 Qb7 14. bxc5 Bxc5 15. O-O O-O 16. Rb1 Nb6 17. Rb5 Qd5 18. Qxd5 exd5 19. Rxc5 dxc4 20. Nd2 Bh3 21. Rc1 Rfe8 22. Be3 c3 23. R5xc3 Nfd5 24. Ra3 Nxe3 25. Rxe3 Rxe3 26. fxe3 Be6 27. a3 Rd8 28. Nf3 Bg4 29. Kf2 Rd5 30. Nd4 Bxe2 31. Kxe2 Ra5 32. Rc3 g6 33. Kd3 Kg7 34. Kc2 Nd5 35. Rb3 Ra4 36. Nb5 Ra5 37. Kd3 Ra4 38. e4 Nf6 39. Rb4 Ra5 40. a4 Nd7 41. Kd4 Nb6 42. Nc3 Ra6 43. e5 Kf8 44. g4 h6 45. h4 Kg7 46. Kc5 Ra5+ 47. Kd4 Ra6 48. Kc5 Ra5+ 49. Kd4 1/2-1/2

[Event "45th Olympiad 2024"]
[Site "Budapest HUN"]
[Date "2024.09.16"]
[Round "6.3"]
[Board "3"]
[White "Tari, Aryan"]
[Black "Daneshvar, Bardiya"]
[Result "1/2-1/2"]
[WhiteElo "2642"]
[BlackElo "2598"]
[PlyCount "56"]
[EventDate "2024.09.11"]
[WhiteTeam "Norway"]
[BlackTeam "Iran"]
[WhiteTeamCountry "NOR"]
[BlackTeamCountry "IRI"]

1. e4 e5 2. Nf3 Nc6 3. Bb5 Nf6 4. O-O Nxe4 5. Re1 Nd6 6. a4 a6 7. Nxe5 Be7 8. Bf1 Nf5 9. Nf3 d5 10. d4 O-O 11. c3 Bd6 12. g3 $146 ({RR} 12. Bd3 Re8 13. Rxe8+ Qxe8 14. Nbd2 Nce7 15. Nf1 g6 16. Bg5 Kg7 17. Qd2 f6 18. Bf4 Qf7 19. b3 Be6 20. Re1 Re8 21. h4 h5 22. a5 Nc6 23. Bxf5 Bxf5 24. Rxe8 Qxe8 25. Bxd6 cxd6 26. b4 Qe6 {½-½ Ni,H (2668)-Ma,Q (2666) CHN-chT Div-A 2022 (2.1)}) 12... Nfe7 13. Bg2 Bf5 14. Nbd2 a5 15. Ne5 Bxe5 16. dxe5 Qd7 17. Nb3 b6 18. Bg5 Bg4 19. Qd3 h6 20. Bxe7 Nxe7 21. Nd4 c5 22. Nb5 Rad8 23. Nd6 Be6 24. b3 Nc8 25. Nb5 Na7 26. Nd6 Nc8 27. Nb5 Na7 28. Nd6 Nc8 1/2-1/2

[Event "45th Olympiad 2024"]
[Site "Budapest HUN"]
[Date "2024.09.16"]
[Round "6.3"]
[Board "4"]
[White "Idani, Pouya"]
[Black "Urkedal, Frode Olav Olsen"]
[Result "1-0"]
[WhiteElo "2599"]
[BlackElo "2546"]
[PlyCount "83"]
[EventDate "2024.09.11"]
[WhiteTeam "Iran"]
[BlackTeam "Norway"]
[WhiteTeamCountry "IRI"]
[BlackTeamCountry "NOR"]

1. e4 e5 2. Nf3 Nc6 3. Bb5 a6 4. Ba4 Nf6 5. O-O Be7 6. d3 b5 7. Bb3 d6 8. c3 O-O 9. Bc2 Re8 10. Re1 h6 11. Nbd2 Bf8 ({RR} 11... d5 12. a4 Rb8 13. axb5 axb5 14. exd5 Qxd5 15. Ne4 Nxe4 16. dxe4 Qxd1 17. Rxd1 Bd6 18. b4 Nd8 19. Be3 Ne6 20. Ra5 Nf4 21. Bxf4 exf4 22. h3 Be6 23. Bd3 c5 24. Bxb5 Red8 25. bxc5 Bxc5 26. Rxd8+ {½-½ Harikrishna,P (2692)-Wojtaszek,R (2680) 60th Rubinstein Mem 2024 (4.5)}) 12. d4 Bb7 13. b3 $146 ({RR} 13. d5 Nb8 14. b3 Nbd7 15. c4 c6 16. Nf1 a5 17. Be3 a4 18. h3 axb3 19. axb3 Rxa1 20. Qxa1 Qc7 21. Rc1 Ra8 22. Qb2 Qa5 23. Ng3 b4 24. Ne1 Nc5 25. Rd1 Nfd7 26. Nf5 cxd5 27. exd5 Bc8 {1-0 Aronian,L (2735)-Keymer,V (2696) 85th Tata Steel Masters 2023 (5.5)}) 13... Nb8 14. Bb2 Nbd7 15. a4 c6 16. Nf1 g6 17. Ng3 Bg7 18. Bd3 Qc7 19. Rc1 bxa4 20. bxa4 d5 21. exd5 Nxd5 22. c4 Nf4 23. c5 exd4 24. Ne4 Nxd3 25. Qxd3 Ne5 26. Nxe5 Qxe5 27. Qd2 Qd5 28. Nd6 Rxe1+ 29. Rxe1 Rb8 30. Qb4 Bf8 31. Ne8 a5 32. Nf6+ Kg7 33. Qd2 Qc4 34. Bxd4 Rd8 35. Nd7+ Kg8 36. Bf6 Rxd7 37. Qxd7 Qb4 38. Qe8 Ba6 39. h3 Bc4 40. Re3 Qb1+ 41. Kh2 Qf5 42. Be7 1-0